| 000 | 06641cam a22019574i 4500 | ||
|---|---|---|---|
| 003 | PE-LiUPU | ||
| 005 | 20250813165914.0 | ||
| 008 | 150706s2010 sp a r 000 0 spa d | ||
| 020 | _a978849022 0269 | ||
| 035 | _a(Sirsi) i9788490220269 | ||
| 040 |
_aPE-LiUPU _bspa _cPE-LiUPU _erda |
||
| 049 | _aPRUA | ||
| 082 | 0 | 4 |
_a610.7 _bN822010 _221 |
| 082 | 0 | 4 |
_a616.07 _bH31 2012 _221 |
| 245 | 0 | 1 |
_aDiagnósticos enfermeros : _bdefiniciones y clasificación 2012-2014 / _ceditado por T. Heather Herdman ; [traducción, Paul Carter, Susana Martín Iglesias]. |
| 250 | _aNo tiene | ||
| 264 | 1 |
_aBarcelona : _bElsevier, _c2010. |
|
| 300 |
_axxxii, 533 páginas : _bilustraciones ; _c24 centímetros. |
||
| 336 |
_atext _2rdacontent |
||
| 337 |
_aunmediated _2rdamedia |
||
| 338 |
_avolume _2rdacarrier |
||
| 490 | 0 | _aNanda Internacional | |
| 505 | 0 | _aLa taxonomía de Nanda internacional -- La Taxonomía II de Nanda International 2012-2014 -- Formación e implementación de los diagnósticos enfermeros de Nanda internacional en la práctica, gestión investigación, informática y formación -- Valoración enfermera, juicio clínico y diagnósticos enfermeros: cómo determinar diagnóstico precisos -- El diagnostico enfermeros en la formación -- El calor de los diagnósticos enfermeros en los registros de salud electrónicos -- Diagnósticos enfermeros e investigación -- Juicio clínico y diagnóstico enfermeros en la gestión de enfermería -- Clasificación enfermeras: criterios y evaluación -- Diagnósticos enfermeros de nanda-1212-2014 -- Nanda Internacional 2012-2014 -- Reunión del comité internacional de expertos de nanda internacional -- Procesos para el desarrollo de un diagnóstico enfermeros aprobado por nanda-I. | |
| 526 | _aP203 | ||
| 526 | _aP200 | ||
| 526 | _aSEG65 | ||
| 526 | _aSEG64 | ||
| 526 | _aSEG63 | ||
| 526 | _aSEG62 | ||
| 526 | _aSEG61 | ||
| 526 | _aSEG60 | ||
| 526 | _aSEG59 | ||
| 526 | _aSEG58 | ||
| 526 | _aSEG57 | ||
| 526 | _aSEG56 | ||
| 526 | _aSEG55 | ||
| 526 | _aSEG54 | ||
| 526 | _aSEG53 | ||
| 526 | _aSEG52 | ||
| 526 | _aSEG51 | ||
| 526 | _aSEG50 | ||
| 526 | _aSEG49 | ||
| 526 | _aSEG48 | ||
| 526 | _aSEG47 | ||
| 526 | _aSEG46 | ||
| 526 | _aSEG24 | ||
| 526 | _aSEG23 | ||
| 526 | _aSEG22 | ||
| 526 | _aSEG21 | ||
| 526 | _aSEG20 | ||
| 526 | _aSEG19 | ||
| 526 | _aSEG18 | ||
| 526 | _aSEG17 | ||
| 526 | _aSEG16 | ||
| 526 | _aSEG14 | ||
| 526 | _aSEG13 | ||
| 526 | _aSEG12 | ||
| 526 | _aSEG11 | ||
| 526 | _aSEG10 | ||
| 526 | _aSEG09 | ||
| 526 | _aSEG06 | ||
| 526 | _aSEG05 | ||
| 526 | _aSEG04 | ||
| 526 | _aSEG03 | ||
| 526 | _aSEG02 | ||
| 526 | _aSEG68 | ||
| 526 | _aSEG66 | ||
| 526 | _aSEG45 | ||
| 526 | _aSEG25 | ||
| 526 | _aSEG01 | ||
| 526 | _aP163 | ||
| 526 | _aP162 | ||
| 526 | _aP161 | ||
| 526 | _aP160 | ||
| 526 | _aP159 | ||
| 526 | _aP158 | ||
| 526 | _aP157 | ||
| 526 | _aP156 | ||
| 526 | _aP155 | ||
| 526 | _aP154 | ||
| 526 | _aP153 | ||
| 526 | _aP152 | ||
| 526 | _aP151 | ||
| 526 | _aP150 | ||
| 526 | _aP149 | ||
| 526 | _aP142 | ||
| 526 | _aP141 | ||
| 526 | _aP140 | ||
| 526 | _aP139 | ||
| 526 | _aP138 | ||
| 526 | _aP137 | ||
| 526 | _aP132 | ||
| 526 | _aP131 | ||
| 526 | _aP130 | ||
| 526 | _aP126 | ||
| 526 | _aP125 | ||
| 526 | _aP124 | ||
| 526 | _aP123 | ||
| 526 | _aP115 | ||
| 526 | _aP122 | ||
| 526 | _aP121 | ||
| 526 | _aP116 | ||
| 526 | _a P114 | ||
| 526 | _aP112 | ||
| 526 | _aP111 | ||
| 526 | _aP104 | ||
| 526 | _aP103 | ||
| 526 | _aP102 | ||
| 526 | _aP101 | ||
| 526 | _aP100 | ||
| 526 | _aP96 | ||
| 526 | _aP95 | ||
| 526 | _aP93 | ||
| 526 | _aP92 | ||
| 526 | _aP91 | ||
| 526 | _aP88 | ||
| 526 | _aP83 | ||
| 526 | _aP82 | ||
| 526 | _aP79 | ||
| 526 | _aP78 | ||
| 526 | _aP75 | ||
| 526 | _aP74 | ||
| 526 | _aP71 | ||
| 526 | _aP69 | ||
| 526 | _a P51 | ||
| 526 | _aP49 | ||
| 526 | _aP48 | ||
| 526 | _aP47 | ||
| 526 | _aP33 | ||
| 526 | _aP31 | ||
| 526 | _a P30 | ||
| 526 | _aP29 | ||
| 526 | _aP27 | ||
| 526 | _aP26 | ||
| 526 | _aP25 | ||
| 526 | _aP24 | ||
| 526 | _a P22 | ||
| 526 | _aP10 | ||
| 526 | _aP09 | ||
| 526 | _a P08 | ||
| 526 | _aP06 | ||
| 526 | _aP05 | ||
| 526 | _aP04 | ||
| 526 | _aP01 | ||
| 541 | _g001-000090; | ||
| 541 | _g001-000090; | ||
| 541 | _g001-000125; | ||
| 541 | _g001-00003175; | ||
| 650 | 0 | 4 |
_aDiagnóstico de enfermería _xClasificación. |
| 650 | 0 | 4 | _aEnfermería como profesión. |
| 700 | 1 |
_aHerdaman, Heather, _eed. |
|
| 910 |
_cng _d20130507 |
||
| 942 |
_2ddc _cBOOK |
||
| 949 |
_a610.7 N82 2010 _wDEWEY _c1 _i67100 _lCCODEBUL1 _mBUL _p46.00 _r0 _sY _tBOOK _u2015-7-6 _xSALUD _PP22 _o.STAFF. Colección General |
||
| 949 |
_a610.7 N82 2010 _wDEWEY _c2 _i67101 _lCCODEBUL1 _mBUL _p46.00 _r0 _sY _tBOOK _u2015-7-6 _xSALUD _PP22 _o.STAFF. Colección General |
||
| 949 |
_a610.7 N82 2010 _wDEWEY _c3 _i69304 _lCCODEBUL1 _mBUL _p39.00 _r0 _sY _tBOOK _u2015-7-6 _xSALUD _PP22 _o.STAFF. Colección General |
||
| 949 |
_a616.07 H31 2012 _wDEWEY _c1 _iFJ06553 _lCCODEBUJ1 _mBUJ _p20.00 _r0 _sY _tBOOK _u2017-02-07 _xSALUD _zENFERMERÍA _0COMPRA _o.STAFF. Colección General Juliaca |
||
| 949 |
_a616.07 H31 2012 _wDEWEY _c2 _iFJ06554 _lCCODEBUJ1 _mBUJ _p20.00 _r0 _sY _tBOOK _u2017-02-07 _xSALUD _zENFERMERÍA _0COMPRA _o.STAFF. Colección General Juliaca |
||
| 994 |
_aC0 _bPEPRU |
||
| 596 | _a1 3 | ||
| 999 |
_a610.7 N82 2010 _wDEWEY _c54802 _i67100 _d54802 _e2018-5-9 _f2021-11-3 _g5 _lCCODEBUL1 _mBUL _n6 _p46.00 _q2 _r0 _sY _tBOOK _u2015-7-6 _xSALUD _PP22 _0COMPRA _o.STAFF. Colección Ciencias de la Salud |
||
| 999 |
_a610.7 N82 2010 _wDEWEY _c2 _i67101 _d2018-4-11 _e2016-9-20 _f2021-11-3 _g5 _lCCODEBUL1 _mBUL _n11 _p46.00 _q2 _r0 _sY _tBOOK _u2015-7-6 _xSALUD _PP22 _0COMPRA _o.STAFF. Colección Ciencias de la Salud |
||
| 999 |
_a610.7 N82 2010 _wDEWEY _c3 _i69304 _d2018-10-31 _e2018-4-8 _f2021-11-3 _g5 _lCCODEBUL1 _mBUL _n13 _p39.00 _q2 _r0 _sY _tBOOK _u2015-7-6 _xSALUD _PP22 _0COMPRA _o.STAFF. Colección Ciencias de la Salud |
||
| 999 |
_a616.07 H31 2012 _wDEWEY _c1 _iFJ06553 _d2019-11-21 _e2018-3-14 _f2022-1-25 _g4 _lCCODEBUJ1 _mBUJ _n1 _p20.00 _q5 _r0 _sY _tBOOK _u2017-2-7 _xSALUD _PP22 _0COMPRA _o.STAFF. Colección General Juliaca |
||
| 999 |
_a616.07 H31 2012 _wDEWEY _c2 _iFJ06554 _d2018-5-8 _e2018-5-7 _f2022-1-25 _g4 _lCCODEBUJ1 _mBUJ _n2 _p20.00 _r0 _sY _tBOOK _u2017-2-7 _xSALUD _PP22 _0COMPRA _o.STAFF. Colección General Juliaca |
||
| 980 |
_81 _gALBERTO SANCHEZ Responsable de Automatización |
||